Statistics for The Ultimate Peaky Blinders Quiz 🎬

Click here to take the quiz!

General Stats

  • This quiz has been taken 72 times
  • The average score is 7 of 30

Answer Stats

HintAnswer% Correct
In which city is Peaky Blinders set?Birmingham
95%
Who plays the lead character, Thomas Shelby?Cillian Murphy
95%
What is the name of the Shelby family’s pub?The Garrison
85%
What is the name of Thomas Shelby’s sister?Ada Shelby
81%
Who is the leader of the Jewish gang in season 4?Alfie Solomons
47%
What is the name of the gangster who becomes a business partner of Thomas Shelby in season 2?Alfie Solomons
47%
Who created Peaky Blinders?Steven Knight
39%
Who does Thomas Shelby marry in season 3?Grace Burgess
36%
What is the name of Thomas Shelby’s wife in the first season?Grace Burgess
36%
Who does Polly Gray marry in season 4?Aberama Gold
22%
Which political party is Tommy officially part of when he becomes an MP?Labour
20%
Who is the leader of the Italian mafia in season 3?Sabini
17%
Who is the actor who plays Inspector Campbell?Sam Neill
14%
The head of which animal is present on top of Inspector Campbell's walking cane?Wolf
14%
Who is the actor who plays Michael Gray?Finn Cole
12%
What is the name of the boxer who becomes involved with the Shelby family in season 1?Freddie Thorne
10%
What is the name of the communist leader who works with Tommy in season 5?Jessie Eden
10%
What is the name of the fascist political party that Mosley leads?The British Union of Fascists
5%
What is the name of the gangster who becomes a major antagonist in season 5?Jimmy McCavern
3%
Who is the actor who plays Oswald Mosley?Sam Claflin
3%
Who is the actress who plays Grace Burgess?Annabelle Wallis
2%
What is the name of the Chinese gangster in season 2?Mr. Zhang
2%
What is the name of the bar owned by the Shelby family in London in season 5?The Eden Club
2%
Who is the main antagonist in the first season of Peaky Blinders?Chief Inspector Chester Campbell
0%
Who is the leader of the Birmingham Police in season 1?Chief Inspector Chester Campbell
0%
Who is the blind fortune teller who appears in season 1?Gypsy
0%
What is the name of the IRA leader who helps the Shelby family in season 3?James McCavern
0%
What is the name of the Shelby family’s lawyer?Mr. Murray
0%
What is the name of the organization that Ada Shelby becomes involved with in season 2?The Russian Secret Service
0%
What is the name of the gang led by Alfie Solomons?The Shelbys
0%

Score Distribution

Percentile by Number Answered

Percent of People with Each Score

Your Score History

You have not taken this quiz